Estatísticas para Marcas que começam com L

Clique aqui para jogar o quiz

Estatísticas Gerais

  • Esse quiz foi jogado 14 vezes
  • A pontuação média é 5 de 28

Estatísticas das Respostas

HintResposta% Correto
2.Lamborghini
91%
19.Louis Vuitton
73%
6.Lacoste
64%
14.Lays
36%
13.LG
36%
10.Land Rover
27%
12.Lexus
27%
7.L'Oréal
27%
8.Lancôme
18%
24.Lee
18%
11.Levi's
18%
1.Lion
18%
21.LUX
18%
22.Lancia
9%
27.Lefties
9%
4.Lego
9%
9.Leroy Merlin
9%
5.La redrute
0%
25.Le Coq Sportif
0%
15.Life is Good
0%
20.Lincoln
0%
18.Lindt
0%
17.LinkedIn
0%
16.Lipton
0%
26.Little Miss Matched
0%
28.Logitech
0%
3.Lois
0%
23.Lufthansa
0%

Distribuição das Pontuações

Percentil de Números Respondidos

Porcentagem de Pessoas com Cada Pontuação

Sua Pontuação Histórica

Você não jogou esse quiz